| 000 | 02264cam a22005175i 4500 | ||
|---|---|---|---|
| 999 |
_c1701 _d1701 |
||
| 003 | EG-ScBUE | ||
| 005 | 20200130135307.0 | ||
| 006 | m||||fq||h 00| 0 | ||
| 006 | i||zuf |||| 00| 0 | ||
| 008 | 080916r20052002enka f 001 0 eng d | ||
| 020 | _a0582447739 (Student's book) | ||
| 020 | _a9780582447738 (Student's book) | ||
| 020 | _a0582772990 (Class CDs) | ||
| 020 | _a9780582772991 (Class CDs) | ||
| 020 | _a0582447712 (Class cassettes) | ||
| 020 | _a9780582447714 (Class cassettes) | ||
| 040 |
_aEG-ScBUE _beng _erda _cEG-ScBUE _dEG-ScBUE |
||
| 082 | 0 | 4 |
_a428.24076 _bOCO _222 |
| 100 | 1 |
_aO'Connell, Sue _c(Author of the Pearson Focus series) _eauthor. |
|
| 245 | 1 | 0 |
_aFocus on IELTS / _cSue O'Connell. |
| 246 | 3 | 3 |
_aFocus on IELTS. _pStudent's book |
| 250 | _aSixth impression. | ||
| 264 | 1 |
_aHarlow, England : _bPearson Education Limited : _bLongman, _c2005. |
|
| 300 |
_a223 pages : _billustrations ; _c28 cm |
||
| 336 |
_atext _btxt _2rdacontent |
||
| 336 |
_aspoken word _bspw _2rdacontent |
||
| 337 |
_aunmediated _bn _2rdamedia |
||
| 337 |
_aaudio _bs _2rdamedia |
||
| 338 |
_avolume _bnc _2rdacarrier |
||
| 338 |
_aaudio disc _bsd _2rdacarrier |
||
| 338 |
_aaudiocassette _bss _2rdacarrier |
||
| 500 | _aIncludes index. | ||
| 500 | _aFirst published by 2002. | ||
| 501 | _aWith: audio Cds, CD 1, Units 2, 4, 6, 8, 10 -- CD 2, Units 12, 14, 16, 18, 20 -- CD 3, Practice test. | ||
| 501 | _aWith: Sound cassettes 1, Side 1, Units 2-8 -- Side 2, Units 8-14 -- Sound cassettes 2, Units 16-20 -- Side 2, Practice test. | ||
| 520 | _aThe complete and integrated IELTS preparation course, providing comprehensive exam skills development and graded practice. | ||
| 650 | 7 |
_aInternational English Language Testing System _vStudy guides. _2BUEsh _936012 |
|
| 650 | 7 |
_aEnglish language _vExaminations, questions, etc. _2BUEsh |
|
| 650 | 7 |
_aEnglish language _vTextbooks for foreign speakers _2BUEsh |
|
| 650 | 7 |
_aEnglish language _vSound recordings for foreign speakers _2BUEsh _936029 |
|
| 650 | 7 |
_aEnglish language _vStudy and teaching as a second language. _2BUEsh |
|
| 650 | 7 |
_aEnglish language _xStudy and teaching _xForeign speakers. _2BUEsh |
|
| 653 |
_bHHUUEENN _cAugust2015 _cNovember2018 |
||
| 655 | _vReading book | ||
| 942 |
_2ddc _cBB |
||